000 00650nam a2200253Ia 4500
001 6907
005 20240113233947.0
007 ta
008 050701s1996 a g b000 u hin u
020 _cHB
040 _aCotton College Assam
041 _ahin
082 _a891.43409
_bKu 96 Ay
100 _aKumar, Satish .
245 0 _aAyodhya Kanda Satik /
_cSatish Kumar.
_hTextual Documents
250 _a1st ed. /
260 _aDelhi :
_bAshok Prakashan ,
_c1996.
300 _a459p. :
_bill. ;
_c21cm .
653 _aHindi essays-Criticism
653 _aMS-Hindi
942 _2ddc
_cBK
999 _c6894
_d6894